000 00559nam a2200217Ia 4500
003 OSt
005 20220928145711.0
006 a|||||r|||| 00| 0
007 ta
008 220927b |||||||| |||| 00| 0 eng d
024 _a82143
037 _cTextual
040 _aSDCL
_cSDCL
_beng
041 _2eng
_aeng
082 _aY33.2311'N7, L4
100 _aDoshi Harish
_9514208
245 0 _aTraditional neighbourhood in a modern city.
260 _c1974
942 _hY33.2311'N7, L4
_cTEXL
_2CC
999 _c834918
_d834918